Statistics for Top 10 Smallest Countries

Click here to take the quiz!

General Stats

  • This quiz has been taken 16 times
  • The average score is 6 of 10

Answer Stats

ContinentCountry% Correct
EuropeVatican City
100%
EuropeSan Marino
93%
OceaniaNauru
73%
OceaniaTuvalu
73%
EuropeMalta
67%
EuropeMonaco
60%
North AmericaGrenada
47%
EuropeLiechtenstein
47%
AsiaMaldives
27%
OceaniaSt Kitts and Nevis
27%

Score Distribution

Percentile by Number Answered

Percent of People with Each Score

Your Score History

You have not taken this quiz